000 00684nam a2200205 a 4500
001 000023566
005 20200930022319.0
008 101213s1941 sp r 000 0 spa d
040 _aDO-SdBNP
_bspa
_cBNPHU
082 _axxxx
_bP438o
100 1 _aPérez Galdós, Benito
_945077
245 1 0 _aObras completas /
_cBenito Pérez Galdós ; introducción Federico Carlos Sainz de Robles.
260 _aMadrid :
_bM. Aguialar Editor,
_c1941.
300 _axciv, 1603 p. ;
_c18 cm.
490 1 _aEpisodios nacionales
500 _aIncluye referencia biográfica del autor.
700 1 _aSainz de Robles, Federico carlos
_916670
830 0 _aEpisodios nacionales
_94938
049 _aBNGR
999 _c23062
_d23062